Thực trạng áp dụng cơ chế một cửa trong giải quyết công việc cho công dân, tổ chức tại ủy ban nhân dân các phường trên địa bàn quận Bình Thủy và quận Ninh Kiều - Tp. Cần Thơ : Báo cáo tổng kết đề tài khoa học và công nghệ cấp Trường

Nội dung đề tài đưa ra các kiến nghị nhằm hoàn thiện việc thực hiện cơ chế"một cửa" tại các Ủy ban nhân dân trên địa bàn hai quận Ninh Kiều và Bình Thủy và mong muốn đề tài mang tính chất thực tiễn cho công tác hoàn thiện các qu...

Disgrifiad llawn

Wedi'i Gadw mewn:
Manylion Llyfryddiaeth
Prif Awdur: Võ, Thị Hữu Hạnh
Fformat: Llyfr
Iaith:Undetermined
Cyhoeddwyd: Cần Thơ Trường Đại học Cần Thơ 2007
Pynciau:
Tagiau: Ychwanegu Tag
Dim Tagiau, Byddwch y cyntaf i dagio'r cofnod hwn!
Thư viện lưu trữ: Trung tâm Học liệu Trường Đại học Cần Thơ
LEADER 01491nam a2200229Ia 4500
001 CTU_204882
008 210402s9999 xx 000 0 und d
082 |a 353.4 
082 |b H107 
088 |a T2005-38 
100 |a Võ, Thị Hữu Hạnh 
245 0 |a Thực trạng áp dụng cơ chế một cửa trong giải quyết công việc cho công dân, tổ chức tại ủy ban nhân dân các phường trên địa bàn quận Bình Thủy và quận Ninh Kiều - Tp. Cần Thơ : 
245 0 |b Báo cáo tổng kết đề tài khoa học và công nghệ cấp Trường 
245 0 |c Võ Thị Hữu Hạnh (Chủ nhiệm đề tài) 
260 |a Cần Thơ 
260 |b Trường Đại học Cần Thơ 
260 |c 2007 
520 |a Nội dung đề tài đưa ra các kiến nghị nhằm hoàn thiện việc thực hiện cơ chế"một cửa" tại các Ủy ban nhân dân trên địa bàn hai quận Ninh Kiều và Bình Thủy và mong muốn đề tài mang tính chất thực tiễn cho công tác hoàn thiện các quy định của pháp luật về cơ chế một cửa trong cải cách hành chính nhà nước. 
650 |a Public administration,Hành chính công 
650 |z Vietnam,Việt Nam 
904 |i Tuyến 
980 |a Trung tâm Học liệu Trường Đại học Cần Thơ